| 000 | 00638nam a22001937a 4500 | ||
|---|---|---|---|
| 999 |
_c169575 _d169575 |
||
| 005 | 20191125134620.0 | ||
| 010 | _aUR-10614 | ||
| 020 |
_c260.00 _a9788194163367 |
||
| 035 | _aU-9169 | ||
| 037 |
_bDBAD/PUB _a- |
||
| 082 | _a840.08 | ||
| 100 | _aز يبا محمو د | ||
| 245 |
_aا د بی تنقيد ا ت _cز يبا محمو د |
||
| 246 |
_bAdabi Tanqeedat (Urdu) _aby Dr.Zeba Mehmood |
||
| 260 |
_aDelhi _bEducational Publishing House _c2019 ء |
||
| 270 |
_a3191,Vakil Street, Kucha Pandit,Lal Kuan, _bDelhi _e110006 _k01123216162 _l- |
||
| 300 |
_a223 ص _c22 Cm(Hb) |
||
| 942 |
_2ddc _cUR _h840.08 _mز ی ب |
||